000 00310nam a22001217a 4500
008 170525b xxu||||| |||| 00| 0 eng d
041 _aeng
080 _a62
100 _a26
101 _aIM
245 _aINFORMATION AND INFORMATION STABILITY OF RANDOM VARIABLES AND PROCESSES
_cPINSKER,M.S
942 _2udc
_cBK
999 _c14207
_d14207